[Event "Rubinstein Memorial op-C 57th"]
[Site "Polanica Zdroj"]
[Date "2021.08.20"]
[Round "7"]
[White "Klucznik, Andre"]
[Black "Lada, Ireneusz"]
[Result "0-1"]
[WhiteElo "1670"]
[BlackElo "1912"]
[PlyCount "74"]
[EventDate "2021.08.14"]
[EventType "swiss"]
[EventRounds "9"]
[EventCountry "POL"]
[SourceTitle "EXT 2023"]
[Source "ChessBase"]
[SourceDate "2022.10.05"]
[SourceVersion "1"]
[SourceVersionDate "2022.10.05"]
[SourceQuality "1"]

1. g3 c6 2. c4 Nf6 3. Bg2 d6 4. b3 g6 5. Nf3 Bg7 6. Bb2 0-0 7. d4 Nbd7 8. 0-0 Qc7 9. Nc3 e5 10. Qc2 Re8 11. e3 Nf8 12. dxe5 dxe5 13. Rad1 Bf5 14. e4 Bg4 15. h3 Bxf3 16. Bxf3 Ne6 17. Ne2 c5 18. a3 Rad8 19. b4 Nd4 20. Nxd4 cxd4 21. c5 a5 22. b5 Rc8 23. Rc1 Bh6 24. Qa4 Bxc1 25. Rxc1 b6 26. c6 Ra8 27. Qd1 a4 28. Rc4 Ra5 29. Bc1 Rxb5 30. Bg5 Re6 31. Qxa4 Rb1+ 32. Kg2 b5 33. Qa8+ Re8 34. Qa6 bxc4 35. Bxf6 Rb6 36. Qa5 Rxc6 37. Bg5 Qxa5 0-1

[Event "Biel ATO op 54th"]
[Site "Biel"]
[Date "2021.08.01"]
[Round "6"]
[White "Lada, Ireneusz"]
[Black "Freiburghaus, Simon"]
[Result "1-0"]
[WhiteElo "1912"]
[BlackElo "1736"]
[PlyCount "126"]
[EventDate "2021.07.26"]
[EventType "swiss"]
[EventRounds "9"]
[EventCountry "SUI"]
[SourceTitle "EXT 2022"]
[Source "ChessBase"]
[SourceDate "2021.10.06"]
[SourceVersion "1"]
[SourceVersionDate "2021.10.06"]
[SourceQuality "1"]

1. c4 c5 2. Nf3 Nc6 3. d4 cxd4 4. Nxd4 e6 5. Nc3 a6 6. Nc2 Nf6 7. e4 Be7 8. Be2 0-0 9. 0-0 Qc7 10. Be3 Rd8 11. Na4 Qd6 12. Qxd6 Bxd6 13. c5 Bc7 14. f3 d5 15. cxd6 Rxd6 16. Rfd1 b5 17. Rxd6 Bxd6 18. Nb6 Rb8 19. a4 Na7 20. Nxc8 Nxc8 21. axb5 axb5 22. Ra5 b4 23. b3 Ne7 24. Ra6 Ne8 25. Bc4 h6 26. Rb6 Rxb6 27. Bxb6 Nf6 28. Kf2 Nd7 29. Be3 Ne5 30. Bb5 g5 31. h3 N5c6 32. g3 e5 33. Ke2 Na5 34. Ba4 Nec6 35. Kd3 Kg7 36. Bb6 Kg6 37. Bxc6 Nxc6 38. Kc4 Ne7 39. Nxb4 f5 40. Nd5 Ng8 41. Bc5 Bb8 42. Ne7+ Nxe7 43. Bxe7 Kf7 44. Bc5 Ke6 45. exf5+ Kxf5 46. Kd5 h5 47. Bd6 Bxd6 48. Kxd6 e4 49. fxe4+ Kxe4 50. b4 Kf3 51. b5 Kxg3 52. b6 Kxh3 53. b7 g4 54. b8Q g3 55. Qc8+ Kh2 56. Qh8 g2 57. Qxh5+ Kg1 58. Ke5 Kf2 59. Qh2 Kf1 60. Qf4+ Kg1 61. Ke4 Kh1 62. Qh4+ Kg1 63. Kf3 Kf1 1-0

[Event "Krakow op-B 24th"]
[Site "Krakow"]
[Date "2013.12.28"]
[Round "2"]
[White "Janus, Przemyslaw"]
[Black "Lada, Ireneusz"]
[Result "1/2-1/2"]
[WhiteElo "2098"]
[BlackElo "1935"]
[PlyCount "119"]
[EventDate "2013.12.27"]
[EventType "swiss"]
[EventRounds "9"]
[EventCountry "POL"]
[SourceTitle "CBM 158 Extra"]
[Source "ChessBase"]
[SourceDate "2014.02.28"]
[SourceVersion "1"]
[SourceVersionDate "2014.02.28"]
[SourceQuality "1"]

1. d4 d6 2. Nf3 Bg4 3. Nbd2 g6 4. g3 Bg7 5. Bg2 c6 6. 0-0 Nf6 7. h3 Bxf3 8. Nxf3 0-0 9. c3 Nbd7 10. Qc2 e5 11. dxe5 dxe5 12. Rd1 Qc7 13. b3 Rfe8 14. Ba3 Bf8 15. Bb2 Bg7 16. Nd2 Rad8 17. Ne4 Nxe4 18. Qxe4 Nc5 19. Qe3 b6 20. h4 Ne6 21. Qe4 c5 22. Qc4 Rd6 23. Rd5 Qe7 24. Rad1 Red8 25. b4 cxb4 26. cxb4 Nc7 27. Rxd6 Rxd6 28. Rc1 Ne6 29. e3 h5 30. a4 Rd2 31. Bc3 Rd7 32. Bc6 Rd8 33. Qe4 f5 34. Qc4 Kh7 35. Be1 e4 36. Bd5 Nf8 37. b5 Be5 38. Rd1 Kh6 39. Bb4 Bd6 40. Bc3 Be5 41. Bb4 Bd6 42. Bxd6 Qxd6 43. Qd4 Qe7 44. Rc1 Qg7 45. Qc4 Nh7 46. Qc6 Qe7 47. Bb3 Nf6 48. Rd1 Rxd1+ 49. Bxd1 Kg7 50. Bb3 Qd7 51. Qa8 Qc7 52. Kg2 Qd7 53. Qb8 Qe7 54. Kg1 Kh7 55. Qc8 Kg7 56. Be6 Ng4 57. Qg8+ Kf6 58. Bb3 Ne5 59. Kg2 Nf7 60. Kg1 1/2-1/2

[Event "Benidorm op U2300 12th"]
[Site "Benidorm"]
[Date "2013.12.06"]
[Round "9"]
[White "Lada, Ireneusz"]
[Black "Banegas Gomez, Ricard"]
[Result "0-1"]
[WhiteElo "1935"]
[BlackElo "2103"]
[PlyCount "62"]
[EventDate "2013.11.29"]
[EventType "swiss"]
[EventRounds "10"]
[EventCountry "ESP"]
[SourceTitle "CBM 157 Extra"]
[Source "ChessBase"]
[SourceDate "2013.12.19"]
[SourceVersion "1"]
[SourceVersionDate "2013.12.19"]
[SourceQuality "1"]

1. c4 e5 2. Nc3 d6 3. Nf3 f5 4. d4 e4 5. Ng5 Nf6 6. Nh3 Be7 7. f3 0-0 8. Nf2 Kh8 9. Bg5 Nc6 10. Bxf6 Bxf6 11. e3 exf3 12. Nd5 fxg2 13. Bxg2 Bg5 14. h4 Bh6 15. Qd3 Ne7 16. Nc3 c6 17. Bf3 Rb8 18. 0-0-0 Qa5 19. Nh3 b5 20. cxb5 cxb5 21. Kb1 b4 22. Ne2 Ba6 23. Qb3 d5 24. Rc1 Rfc8 25. Rxc8+ Rxc8 26. a3 bxa3 27. Nc1 axb2 28. Kxb2 Qd2+ 29. Kb1 Bxe3 30. Qb2 Bd3+ 31. Nxd3 Qxd3+ 0-1

[Event "Polanica Zdroj op-D 49th"]
[Site "Polanica Zdroj"]
[Date "2013.08.22"]
[Round "6"]
[White "Lada, Ireneusz"]
[Black "Lipski, Lukasz"]
[Result "1-0"]
[WhiteElo "1964"]
[BlackElo "1608"]
[PlyCount "104"]
[EventDate "2013.08.17"]
[EventType "swiss"]
[EventRounds "9"]
[EventCountry "POL"]
[SourceTitle "EXT 2014"]
[Source "ChessBase"]
[SourceDate "2013.11.20"]
[SourceVersion "1"]
[SourceVersionDate "2013.11.20"]
[SourceQuality "1"]

1. c4 e5 2. Nc3 Nf6 3. Nf3 Nc6 4. e3 Bb4 5. Qc2 d6 6. Nd5 Bc5 7. a3 Nxd5 8. cxd5 Ne7 9. Nxe5 Bxe3 10. Bb5+ Kf8 11. Nxf7 Bxf2+ 12. Kxf2 Kxf7 13. Rf1 Nxd5 14. Bc4 Be6 15. Bxd5 Bxd5 16. Kg1+ Ke7 17. d4 h6 18. Qf5 Qg8 19. Re1+ Kd8 20. Bd2 Qf7 21. Qg4 c6 22. Rf1 Qe7 23. Qh5 Qe8 24. Qh4+ g5 25. Qg3 Kc7 26. Rae1 Qd7 27. Bb4 Rae8 28. Rf6 Re6 29. Rexe6 Bxe6 30. Rf1 Qe7 31. h3 Kd7 32. Re1 Qd8 33. Rf1 Qe7 34. a4 Rf8 35. Re1 Rf4 36. Qe3 Qf6 37. Bc3 d5 38. Qd2 Qf5 39. b4 a6 40. b5 axb5 41. axb5 Re4 42. bxc6+ bxc6 43. Ra1 Qf4 44. Ra7+ Ke8 45. Qb2 g4 46. hxg4 Bxg4 47. Bd2 Qd6 48. Qb7 Bd7 49. Qa8+ Kf7 50. Qh8 Qe6 51. Bb4 c5 52. Bxc5 Qf6 1-0

[Event "Karpacz op-A 6th"]
[Site "Karpacz"]
[Date "2013.02.20"]
[Round "5"]
[White "Piotrowski, Przemyslaw"]
[Black "Lada, Ireneusz"]
[Result "1-0"]
[WhiteElo "1996"]
[BlackElo "1959"]
[PlyCount "116"]
[EventDate "2013.02.16"]
[EventType "swiss"]
[EventRounds "9"]
[EventCountry "POL"]
[SourceTitle "CBM 153 Extra"]
[Source "ChessBase"]
[SourceDate "2013.04.22"]
[SourceVersion "1"]
[SourceVersionDate "2013.04.22"]
[SourceQuality "1"]

1. d4 d6 2. e4 g6 3. Nc3 Bg7 4. f4 Nf6 5. Nf3 0-0 6. Bd3 Nfd7 7. 0-0 c5 8. d5 Qc7 9. Qe2 a6 10. a4 b6 11. Re1 e6 12. Bc4 Re8 13. dxe6 fxe6 14. f5 Ne5 15. Nxe5 Bxe5 16. Qg4 Kh8 17. fxe6 Qg7 18. Qh3 Qg8 19. Nd5 Bxe6 20. Qh4 Ra7 21. Bg5 Nd7 22. Rf1 h5 23. Bf6+ Bxf6 24. Nxf6 Nxf6 25. Qxf6+ Kh7 26. Bd3 Qg7 27. e5 d5 28. Qg5 Qh6 29. Qxh6+ Kxh6 30. Rf6 Bf7 31. Rxb6 c4 32. Bf1 Rxe5 33. Rd1 Be6 34. c3 Bg4 35. Rd2 Re1 36. h3 Bf5 37. Kf2 Re5 38. Be2 Be4 39. g3 Rf5+ 40. Ke3 Bg2 41. Bxh5 Re7+ 42. Kd4 Rxh5 43. Rxg2 Re4+ 44. Kc5 d4+ 45. Kxc4 dxc3+ 46. Kxc3 Rxa4 47. b3 Ra1 48. h4 Re5 49. g4 Kg7 50. Rd2 Re4 51. Rd7+ Kf8 52. Rxg6 Re3+ 53. Kb2 Rh1 54. Rh6 Re2+ 55. Ka3 Kg8 56. Rb6 Kf8 57. Rb8+ Re8 58. Rxe8+ Kxe8 1-0

[Event "Krakow op-B 23rd"]
[Site "Krakow"]
[Date "2012.12.29"]
[Round "3"]
[White "Kyc, Jerzy"]
[Black "Lada, Ireneusz"]
[Result "1-0"]
[WhiteElo "1782"]
[BlackElo "2003"]
[PlyCount "67"]
[EventDate "2012.12.27"]
[EventType "swiss"]
[EventRounds "9"]
[EventCountry "POL"]
[SourceTitle "CBM 152 Extra"]
[Source "ChessBase"]
[SourceDate "2013.02.25"]
[SourceVersion "1"]
[SourceVersionDate "2013.02.25"]
[SourceQuality "1"]

1. e4 c6 2. d4 d5 3. exd5 cxd5 4. c4 Nf6 5. Nc3 e6 6. Nf3 Be7 7. Bf4 0-0 8. c5 Ne4 9. Bd3 f5 10. 0-0 Nc6 11. Bb5 g5 12. Bxc6 bxc6 13. Be5 g4 14. Nd2 Ng5 15. f3 h5 16. fxg4 hxg4 17. Qa4 Bd7 18. Nb3 Qe8 19. Rae1 Qg6 20. Qa6 Rf7 21. Qb7 Raf8 22. Qxd7 Nf3+ 23. gxf3 gxf3+ 24. Bg3 f4 25. Qxe6 Qxe6 26. Rxe6 fxg3 27. hxg3 Kg7 28. Rxc6 Bg5 29. Re6 Rf6 30. Re5 Rf5 31. Nxd5 Rxe5 32. dxe5 Rd8 33. Nf4 Re8 34. Re1 1-0

[Event "Benidorm op U2300 11th"]
[Site "Benidorm"]
[Date "2012.12.07"]
[Round "9"]
[White "Lada, Ireneusz"]
[Black "Gromovs, Sergejs"]
[Result "0-1"]
[WhiteElo "2003"]
[BlackElo "2215"]
[PlyCount "29"]
[EventDate "2012.11.30"]
[EventType "swiss"]
[EventRounds "10"]
[EventCountry "ESP"]
[SourceTitle "EXT 2014"]
[Source "ChessBase"]
[SourceDate "2013.11.20"]
[SourceVersion "1"]
[SourceVersionDate "2013.11.20"]
[SourceQuality "1"]

1. c4 c5 2. Nf3 Nf6 3. Nc3 Nc6 4. d4 cxd4 5. Nxd4 g6 6. Nc2 Bg7 7. g3 0-0 8. Bg2 d6 9. 0-0 d5 10. Nxd5 Nxd5 11. cxd5 Ne5 12. Bd2 Qb6 13. Bc3 Bf5 14. e4 Bg4 15. Qd2 0-1